El santo desierto de los Carmelitas de la provincia de San Alberto de México : (Record no. 61564)

MARC details
000 -LEADER
fixed length control field 00932cam a2200205 4500
005 - DATE AND TIME OF LATEST TRANSACTION
control field 20151005130242.0
008 - FIXED-LENGTH DATA ELEMENTS--GENERAL INFORMATION
fixed length control field 151005b mx ||||| |||| 00| 0 spa d
050 04 - LIBRARY OF CONGRESS CALL NUMBER
Classification number BX4319 .A4
Item number S26 1978
245 #3 - TITLE STATEMENT
Title El santo desierto de los Carmelitas de la provincia de San Alberto de México :
Remainder of title Santa Fe 1605 : Tenancingo 1801 : historia documental e iconográfica /
Statement of responsibility, etc rev. paleográfica, introd. y notas por Dionisio Victoria Moreno y Manuel Arredondo Herrera.
250 ## - EDITION STATEMENT
Edition statement 1a ed.
260 ## - PUBLICATION, DISTRIBUTION, ETC. (IMPRINT)
Place of publication, distribution, etc México :
Name of publisher, distributor, etc Biblioteca enciclopédica de estado de México,
Date of publication, distribution, etc 1978.
300 ## - PHYSICAL DESCRIPTION
Extent 699 p. :
Other physical details il. ;
Dimensions 23 cm.
490 ## - SERIES STATEMENT
Series statement Biblioteca Enciclopédica del Estado de México ;
Volume number/sequential designation 66
504 ## - BIBLIOGRAPHY, ETC. NOTE
Bibliography, etc Bibliografía: p. 597-600
504 ## - BIBLIOGRAPHY, ETC. NOTE
Bibliography, etc Incluye índice
650 #7 - SUBJECT ADDED ENTRY--TOPICAL TERM
Source of heading or term LEMB
Topical term or geographic name as entry element Carmelitas descalzos en México
General subdivision Historia
Chronological subdivision Siglo XVII-XIX
700 1# - ADDED ENTRY--PERSONAL NAME
Personal name Victoria Moreno, Dionisio,
Relator term rev.
700 1# - ADDED ENTRY--PERSONAL NAME
Personal name Arredondo Herrera, Manuel,
Relator term rev.
942 ## - ADDED ENTRY ELEMENTS (KOHA)
Source of classification or shelving scheme Biblioteca del Cogreso de los Estados Unidos
Koha item type Libro
Holdings
Estado de pérdida Fuente de clasificación Estado del daño No para préstamo Ubicación permanente Ubicación actual Apartado o colección Fecha de adquisición Edición Dependencia de educación superior (DES) Área del conocimiento Clasificación Código de Barras Date last seen Número de copia Tipo de recurso Nota pública
  Biblioteca del Cogreso de los Estados Unidos     Biblioteca del Instituto de Investigaciones Históricas Biblioteca del Instituto de Investigaciones Históricas General 05/10/2015 1a ed. Humanidades Educación y Humanidades BX4319 .A4 S26 1978 IIH000013508 05/10/2015 C: 1 Libro GENERAL